000 00308nam a22001457a 4500
008 210518b ||||| |||| 00| 0 eng d
020 _a9781930398030
041 _aeng
080 _23rd
_a32
082 _a32
100 _a20
101 _aSHP
245 _aAmerican Polity
_cSerow,A.G
942 _2udc
_cBK
999 _c57405
_d57405